01174nabaa22001937a 4500003000400000005001700004008004100021040000700062100002400069245012300093300001500216500003700231505042000268505008900688650002700777650003300804650002300837773012000860OSt20260125192817.0190701b xxu||||| |||| 00| 0 spa d cPJ aPerrino, Juan Pablo10aPrincipales reformas introducidas por la Ley de Bases al instituto del silencio administrativo /cJuan Pablo Perrino.  ap. 158-174 aCita: TR LALEY AR/DOC/2161/2024  aSumario: I. Introducción.— II. Atribución de efecto positivo al silencio como regla general para los casos de solicitudes de autorizaciones regladas.— III. Equiparación del silencio a la ambigüedad.— IV. Nueva regla para el art. 10 de la LNPA: eliminación del requisito del pronto despacho para el silencio negativo.— V. Efectos del silencio sobre el plazo de prescripción.— VI. Conclusión.  t¿Te interesa el texto completo? Comunicate al correo: koha@justierradelfuego.gov.ar 0aDERECHO ADMINISTRATIVO 0aPROCEDIMIENTO ADMINISTRATIVO 0aREFORMA DEL ESTADO0 02842dBuenos Aires : AbeledoPerrot, 2012-oDA121tDerecho administrativo. Nº 155 septiembre/octubre 2024z18510590